00737nam a2200253 a 4500001001300000003000900013005001700022008004100039020001300080082001300093100001600106245005600122260003400178300000900212500003500221505001000256650002500266650003000291700001600321902000800337942000700345952011400352999001700466nice12345678IN_TiNIC20260116013821.0050524s1995 newa grp 000 0 eng  ac443.2600a276bALL aAllen, John aArchbishop Desmond Tutub The Rainbow People of God aNew YorkbBantam Books c1995 a280p aincludes index and biblioraphy2 aIndex aSouth African Church aChristianity-South Africa1 aAllen, John bSRS cBK 001040708StackRoom-aHMIbHMId2007-07-19g443.26l0o276 ALLp016535r2007-07-19v443.26w2005-05-24yBK c12647d12647